000 00499nam a2200193 a 4500
001 1770805515032
003 YourLibrary
005 20260211155849.0
008 260211s2002##################000#0#eng##
020 _a9781890206406
082 0 4 _a333
_bBHA
100 1 _aBharucha, Erach,
_eauthor.
245 1 0 _aThe Biodiversity of India :
260 _bMapin Publishing Pvt Ltd,
_c2002.
300 _a52 pages
650 0 _aFiction.
942 _cENGLISH
040 _aYourLibrary
_beng
_cYourLibrary
999 _c611761
_d611761